| 000 | 01841nam0a2200361 4500 | ||
|---|---|---|---|
| 001 | RU\NLR\bibl\962889 | ||
| 005 | 20250614204723.0 | ||
| 010 |
_a5-8199-0276-9 _bФОРУМ |
||
| 010 |
_a5-16-002667-3 _bИНФРА-М _93000 |
||
| 021 |
_aRU _b2006-31782 _91587 |
||
| 035 | _a(NLR Aleph) 000950908 | ||
| 090 |
_a279072 _c279072 |
||
| 100 | _a20060629d2006 |||y0rusy50 ca | ||
| 101 | 0 | _arus | |
| 102 | _aRU | ||
| 105 | _aa ||||||||| | ||
| 200 | 1 |
_aЭтика деловых отношений _eучебник для студентов учреждений среднего профессионального образования, обучающихся по группе специальностей 0600 "Экономика и управление" _fВ.К. Борисов, Е.М. Панина, М.И. Панов [и др.] |
|
| 210 |
_aМосква _cФОРУМ _cИНФРА-М _d2006 |
||
| 215 |
_a175 с. _cил. _d22 |
||
| 225 | 1 | _aПрофессиональное образование | |
| 320 | _aБиблиогр.: с. 172 (16 назв.) | ||
| 606 | 1 |
_aДеловая этика _jУчебники для среднего профессионального образования _92213569 _3RU\NLR\auth\661329630 |
|
| 686 | _aЮ705.4я723 | ||
| 686 | _aС550.422.1я723 | ||
| 701 | 1 |
_4070 _aБорисов _bВ. К. _cканд. филос. наук, менеджмент _gВладимир Константинович _9262932 _3RU\NLR\AUTH\770262988 |
|
| 701 | 1 |
_aПанина _bЕ. М. _gЕкатерина Михайловна _4070 |
|
| 701 | 1 |
_4070 _7ca _8rus _aПанов _bМ. И. _cд-р филос. наук _f1947-2013 _gМихаил Иванович _9162124 _3RU\NLR\AUTH\770162168 |
|
| 801 | 0 |
_aRU _bNLR _c20060629 _grcr |
|
| 801 | 1 |
_aRU _bNLR _c20060629 |
|
| 942 | _cBOOK | ||
| 980 | _aNB | ||